000 00902nam a2200265Ia 4500
003 OSt
005 20221005042656.0
006 a|||||r|||| 00| 0
007 ta
008 221004b |||||||| |||| 00| 0 eng d
020 _a9780792312635 (hbk)
_c15972.75
024 _a100279
037 _b09-07188, 19/11/2009, Atlantic Publisher & Dist. Pvt Ltd.
_cTextual
040 _aCRL
_cCRL
_beng
041 _2eng
_aeng
082 _aR2, N1
100 _aPandit G. L.
245 0 _aMethological variance
_b Essays in epistemological ontology and the methodology of science
260 _aDordrecht
_bSpringer The Netherlands
_c1991
300 _axxiv,422p.
_ccm.
490 _aBoston studies in the philosophy of science; 131
650 _aPHILOSOPHY
942 _hR2, N1
_cTEXL
_2cc
999 _c950635
_d950635